|
|
|
|
| LEADER |
00857cam a2200229 7i4500 |
| 001 |
0000038424 |
| 005 |
20110425090000.0 |
| 020 |
|
|
|a 0071742433
|
| 020 |
|
|
|a 9780071742436 (pbk.)
|
| 090 |
0 |
0 |
|a HF5549.5.M63
|b D52 2010
|
| 100 |
1 |
|
|a Diamond, Harriet
|
| 245 |
1 |
0 |
|a Perfect phrases for motivating and rewarding employees :
|b hundreds of ready-to-use phrases for encouraging and recognizing employee excellence
|c by Harriet Diamond and Linda Eve Diamond.
|
| 250 |
|
|
|a 2nd ed.
|
| 260 |
|
|
|a New York:
|b McGraw-Hill,
|c 2010.
|
| 300 |
|
|
|a xii, 159 p.;
|c 21 cm.
|
| 490 |
0 |
|
|a Perfect phrases series
|
| 650 |
0 |
0 |
|a Incentive awards
|
| 650 |
0 |
0 |
|a Employees --
|x Rating of
|
| 650 |
0 |
0 |
|a Employee motivation
|
| 700 |
1 |
|
|a Diamond, Linda Eve
|
| 999 |
|
|
|a 0000020295
|b BOK
|c OPEN SHELF
|e 1st Floor, Bestari Jaya
|
| 999 |
|
|
|a 0000020296
|b BOK
|c OPEN SHELF
|e 1st Floor, Shah Alam
|